000 00339nam a2200133Ia 4500
005 20260326100032.0
008 260326s9999||||xx |||||||||||||| ||und||
100 _aTéllez Castañeda, Germán
245 0 _aCrítica & Imagen /
_cGermán Téllez Castañeda
260 _bEscala
300 _a338 p.
650 _aLATINOAMÉRICA
942 _cBK
999 _c6646
_d6646